Sanat - "Joulun rauhaa" - Statistics

Yleistilastot
  • Tätä visaa on pelattu 3 kertaa
  • Keskiarvotulos 86 / 107
Vastaustilastot
Vastaus % Oikein
iloita
100%
ja
100%
jälkeen
100%
jouluilon
100%
jouluun
100%
käy
100%
maa
100%
me
100%
mennyt
100%
näin
100%
Näin
100%
nyt
100%
on
100%
oven
100%
pääsimme
100%
parempaa
100%
rakkaat
100%
riemuita
100%
saa
100%
taa
100%
Taas
100%
tultiin
100%
uusi
100%
vuosi
100%
ystävät
100%
ei
67%
Että
67%
että
67%
kun
67%
lahjaa
67%
niin
67%
ois
67%
onnellinen
67%
päivät
67%
paljon
67%
pelkomme
67%
pois
67%
se
67%
sen
67%
takaako
67%
toivoa
67%
toivottavaa
67%
tulevat
67%
vaan
67%
valkea
67%
veis
67%
vielä
67%
vois
67%
Jos
33%
kerran
33%
maailma
33%
meillä
0%
Ehtoja vastaavia visoja ei löytynyt
Tulosjakauma
Jokaisen tuloksen saaneiden osuus
Persentiili vastausten määrän mukaan
Tuloshistoriasi
Et ole pelannut tätä visaa